Ossos da mão - Statistics

Estatísticas Gerais
  • Esse quiz foi jogado 195 vezes
  • A pontuação média é 7 de 12
Respostas no mapa
Respostas codificadas por cores de uma escala verde-vermelha no mapa do quiz de acordo com a % correta abaixo.
 
Estatísticas das Respostas
Resposta % Correto
trapézio
75%
falanges distais
66%
falanges proximais
66%
trapezóide
66%
piramidal
59%
metacarpos
57%
hamato
55%
escafóide
54%
falanges mediais
54%
semilunar
54%
capitato
52%
pisiforme
46%
Nenhum quiz correspondente encontrado
Distribuição das Pontuações
Porcentagem de Pessoas com Cada Pontuação
Percentil de Números Respondidos
Sua Pontuação Histórica
Você não jogou esse quiz